Central Library and Information Centre
Sibsagar Girls' College, Sivasagar : Assam

KALAMONI (Record no. 13784)

MARC details
000 -LEADER
fixed length control field 00388cam a2200181ua 4500
008 - FIXED-LENGTH DATA ELEMENTS--GENERAL INFORMATION
fixed length control field 120825n1999 II |||gr||||Z||||||eng
040 ## - CATALOGING SOURCE
Original cataloging agency MAIN
041 ## - LANGUAGE CODE
-- English
082 ## - DEWEY DECIMAL CLASSIFICATION NUMBER
Classification number SEW
082 ## - DEWEY DECIMAL CLASSIFICATION NUMBER
Classification number
100 ## - MAIN ENTRY--PERSONAL NAME
Personal name SEWELLS, ANNA.
245 ## - TITLE STATEMENT
Title KALAMONI
260 ## - PUBLICATION, DISTRIBUTION, ETC.
Place of publication, distribution, etc. GUWAHATI
Name of publisher, distributor, etc. BANI MANDIR
Date of publication, distribution, etc. 1999
300 ## - PHYSICAL DESCRIPTION
Extent 130:
Dimensions 15CM.
700 ## - ADDED ENTRY--PERSONAL NAME
Personal name SAIKIA, PRABINA.
942 ## - ADDED ENTRY ELEMENTS (KOHA)
Koha item type Books
Holdings
Withdrawn status Lost status Damaged status Not for loan Collection code Home library Current library Shelving location Date acquired Full call number Barcode Date last seen Copy number Price effective from Koha item type
        REFENG Central Library and Information Centre Sibsagar Girls College Central Library and Information Centre Sibsagar Girls College Location Not Found 23.07.2003 SEW 18909 27.02.2020 1 27.02.2020 Books
        General Reference Central Library and Information Centre Sibsagar Girls College Central Library and Information Centre Sibsagar Girls College Competitive Exam Book 23.07.2003 18910 27.02.2020 2 27.02.2020 Books


Sibsagar Girl's College © 2020. All rights reserved.
Powered by Koha.
Maintained by Abhijit Borpuzari.